Joueurs passés par Everton - Mort subite - Statistiques

Statistiques générales
  • Ce quiz a été pris 131 fois
  • Le résultat moyen est 10 sur 20
Answers on the Grid
Answers color-coded by a green-red scale on the quiz's grid according to % correct below.
Iliman Ndiaye
Thierno Barry
Jack Grealish
Amadou Onana
Séamus Coleman
Richarlison
James Tarkowski
Gary Lineker
Romelu Lukaku
Jordan Pickford
Leighton Baines
Lucas Digne
Anthony Gordon
Gylfi Sigurðsson
Moise Kean
James Rodríguez
Ademola Lookman
Wayne Rooney
Marouane Fellaini
Samuel Eto'o
Lewis Dunk
Kyle Walker
Ronny Rodelin
Cole Palmer
Mario Balotelli
Eric Maxim Choupo-Moting
Victor Osimhen
Harry Maguire
Rafael Leão
Diogo Jota
Arjen Robben
Neymar Jr
Stephy Mavididi
Leandro Trossard
Boubacar Kamara
Granit Xhaka
 
Statistiques - réponses
Réponse % Correct
Jordan Pickford
73%
Lucas Digne
71%
Iliman Ndiaye
68%
Romelu Lukaku
67%
Jack Grealish
64%
Moise Kean
62%
Richarlison
61%
Wayne Rooney
59%
Séamus Coleman
57%
James Rodríguez
56%
Gylfi Sigurðsson
55%
Marouane Fellaini
54%
James Tarkowski
51%
Leighton Baines
49%
Amadou Onana
47%
Thierno Barry
45%
Anthony Gordon
39%
Samuel Eto'o
28%
Ademola Lookman
24%
Gary Lineker
21%
Aucun quiz correspondant
Distribution des résultats
% des personnes avec chaque résultat
Percentile par nombre de réponses
Votre historique - résultats
Vous n’avez pas pris ce quiz